<?xml version="1.0" encoding="UTF-8"?>
<collection xmlns="http://www.loc.gov/MARC21/slim">
    <record>
        <controlfield tag="001">60899</controlfield>
        <controlfield tag="005">20200715112959.0</controlfield>
        <datafield tag="024" ind1="7" ind2=" ">
            <subfield code="2">doi</subfield>
            <subfield code="a">10.5672/apunts.2014-0983.es.(2017/1).127.05</subfield>
        </datafield>
        <datafield tag="024" ind1="8" ind2=" ">
            <subfield code="2">sideral</subfield>
            <subfield code="a">98321</subfield>
        </datafield>
        <datafield tag="037" ind1=" " ind2=" ">
            <subfield code="a">ART-2017-98321</subfield>
        </datafield>
        <datafield tag="041" ind1=" " ind2=" ">
            <subfield code="a">spa</subfield>
        </datafield>
        <datafield tag="100" ind1=" " ind2=" ">
            <subfield code="0">(orcid)0000-0002-3761-2903</subfield>
            <subfield code="a">Asún Dieste, Sonia</subfield>
            <subfield code="u">Universidad de Zaragoza</subfield>
        </datafield>
        <datafield tag="245" ind1=" " ind2=" ">
            <subfield code="a">Exploración de evaluación formativa entre estudiantes universitarios en la provincia de Huesca</subfield>
        </datafield>
        <datafield tag="260" ind1=" " ind2=" ">
            <subfield code="c">2017</subfield>
        </datafield>
        <datafield tag="506" ind1="0" ind2=" ">
            <subfield code="a">Access copy available to the general public</subfield>
            <subfield code="f">Unrestricted</subfield>
        </datafield>
        <datafield tag="520" ind1="3" ind2=" ">
            <subfield code="a">Este estudio intenta explorar, desde la perspectiva de los estudiantes, la evaluación formativa vivenciada en la formación inicial de profesorado de educación física en la educación superior pública de la provincia de Huesca. Se aplicó un cuestionario a una muestra de futuros profesionales de último curso. El análisis de datos se realizó utilizando el paquete estadístico SPSS 17.0, se calcularon las medias, desviaciones típicas y frecuencias relativas de cada una de las respuestas. Los resultados indican que los estudiantes perciben una coherencia aceptable tanto entre la evaluación diseñada y la aplicada por el profesorado, como entre el sistema de evaluación formativa y el resto de elementos de sus programaciones. En cuanto a las capacidades cognitivas que reconocen activar en la evaluación, las y los estudiantes perciben discrepancias entre las que creen utilizar con mayor frecuencia (conocer), y las que consideran más adecuadas. Los instrumentos de evaluación más utilizados por el profesorado según los estudiantes, son los informes, aunque a escasa diferencia de los exámenes escritos, pero consideran más coherentes las pruebas prácticas. En conclusión, los estudiantes perciben coherencia entre lo planificado y lo diseñado por los profesores y el sistema de evaluación formativa que llevan a cabo, pero existe menos acuerdo en algunas de las actuaciones relacionadas con la evaluación desde el punto de vista de profesorado y estudiantado.</subfield>
        </datafield>
        <datafield tag="536" ind1=" " ind2=" ">
            <subfield code="9">info:eu-repo/grantAgreement/ES/MINECO/EDU2010-19637</subfield>
        </datafield>
        <datafield tag="540" ind1=" " ind2=" ">
            <subfield code="9">info:eu-repo/semantics/openAccess</subfield>
            <subfield code="a">by-nc-nd</subfield>
            <subfield code="u">http://creativecommons.org/licenses/by-nc-nd/3.0/es/</subfield>
        </datafield>
        <datafield tag="592" ind1=" " ind2=" ">
            <subfield code="a">0.163</subfield>
            <subfield code="b">2017</subfield>
        </datafield>
        <datafield tag="593" ind1=" " ind2=" ">
            <subfield code="a">Cultural Studies</subfield>
            <subfield code="c">2017</subfield>
            <subfield code="d">Q2</subfield>
        </datafield>
        <datafield tag="593" ind1=" " ind2=" ">
            <subfield code="a">Education</subfield>
            <subfield code="c">2017</subfield>
            <subfield code="d">Q4</subfield>
        </datafield>
        <datafield tag="655" ind1=" " ind2="4">
            <subfield code="a">info:eu-repo/semantics/article</subfield>
            <subfield code="v">info:eu-repo/semantics/publishedVersion</subfield>
        </datafield>
        <datafield tag="700" ind1=" " ind2=" ">
            <subfield code="0">(orcid)0000-0002-5019-4574</subfield>
            <subfield code="a">Romero Martín, Mª Rosario</subfield>
            <subfield code="u">Universidad de Zaragoza</subfield>
        </datafield>
        <datafield tag="700" ind1=" " ind2=" ">
            <subfield code="0">(orcid)0000-0002-1218-5351</subfield>
            <subfield code="a">Chivite Izco, Miguel</subfield>
            <subfield code="u">Universidad de Zaragoza</subfield>
        </datafield>
        <datafield tag="710" ind1="2" ind2=" ">
            <subfield code="1">3001</subfield>
            <subfield code="2">187</subfield>
            <subfield code="a">Universidad de Zaragoza</subfield>
            <subfield code="b">Dpto. Expres.Music.Plást.Corp.</subfield>
            <subfield code="c">Área Didáctica Expres.Corporal</subfield>
        </datafield>
        <datafield tag="773" ind1=" " ind2=" ">
            <subfield code="g">127 (2017), 52-58</subfield>
            <subfield code="t">Apunts. Educación Física y Deportes</subfield>
            <subfield code="x">1577-4015</subfield>
        </datafield>
        <datafield tag="856" ind1="4" ind2=" ">
            <subfield code="s">282766</subfield>
            <subfield code="u">http://zaguan.unizar.es/record/60899/files/texto_completo.pdf</subfield>
            <subfield code="y">Versión publicada</subfield>
        </datafield>
        <datafield tag="856" ind1="4" ind2=" ">
            <subfield code="s">99226</subfield>
            <subfield code="u">http://zaguan.unizar.es/record/60899/files/texto_completo.jpg?subformat=icon</subfield>
            <subfield code="x">icon</subfield>
            <subfield code="y">Versión publicada</subfield>
        </datafield>
        <datafield tag="909" ind1="C" ind2="O">
            <subfield code="o">oai:zaguan.unizar.es:60899</subfield>
            <subfield code="p">articulos</subfield>
            <subfield code="p">driver</subfield>
        </datafield>
        <datafield tag="951" ind1=" " ind2=" ">
            <subfield code="a">2020-07-15-11:16:23</subfield>
        </datafield>
        <datafield tag="980" ind1=" " ind2=" ">
            <subfield code="a">ARTICLE</subfield>
        </datafield>
    </record>

    
</collection>